Central Library OPAC University of Rajshahi

Sharks and rays of Australian seas / (Record no. 11351)

MARC details
000 -LEADER
fixed length control field 00771cam a22002771 4500
001 - CONTROL NUMBER
control field 11351
003 - CONTROL NUMBER IDENTIFIER
rucl marc code BD-RjUL
005 - DATE AND TIME OF LATEST TRANSACTION
control field 20211208235117.0
008 - FIXED-LENGTH DATA ELEMENTS--GENERAL INFORMATION
fixed length control field 140126s1963 at o 001 0 eng
035 ## - SYSTEM CONTROL NUMBER
System control number (BD-RjUL)11400
System control number (OCoLC)896780
040 ## - CATALOGING SOURCE
Original cataloging agency DLC
Transcribing agency PPi
Modifying agency BD-RjUL
Language of cataloging eng
041 ## - LANGUAGE CODE
Language code of text/sound track or separate title eng
082 04 - DEWEY DECIMAL CLASSIFICATION NUMBER
Author mark and year STS 1963
Edition number 19
Classification number 591.987
100 1# - MAIN ENTRY--PERSONAL NAME
Personal name Stead, David G.
Dates associated with a name 1877-
9 (RLIN) 35094
245 10 - TITLE STATEMENT
Title Sharks and rays of Australian seas /
Statement of responsibility, etc. David George Stead
260 ## - PUBLICATION, DISTRIBUTION, ETC. (IMPRINT)
Place of publication, distribution, etc. Sydney :
Name of publisher, distributor, etc. Angus and Robertson,
Date of publication, distribution, etc. c1963.
300 ## - PHYSICAL DESCRIPTION
Pagination x, 211 p. :
Illustrations ill. ;
Size 24 cm.
504 ## - BIBLIOGRAPHY, ETC. NOTE
Bibliography, etc Includes index.
650 #0 - SUBJECT ADDED ENTRY--TOPICAL TERM
Topical term or geographic name as entry element Rays (Fishes)
9 (RLIN) 35095
Topical term or geographic name as entry element Sharks.
9 (RLIN) 35096
Topical term or geographic name as entry element Fishes
Geographic subdivision Australia.
9 (RLIN) 35097
942 ## - ADDED ENTRY ELEMENTS (KOHA)
Source of classification or shelving scheme Dewey Decimal Classification
Koha item type Books
Holdings
Lost status Source of classification or shelving scheme Damaged status Not for loan Collection code Permanent Location Current Location Shelving location Date acquired Source of acquisition Total Checkouts Full call number Date last seen Copy number Koha item type
  Dewey Decimal Classification   Not For Loan Non-fiction Central Library, University of Rajshahi Central Library, University of Rajshahi Reading Room 15/09/1973 Gov. of Australia   591.987 STS 1963 26/01/2014 C-1 Books